00497nam a2200145Ia 4500008004100000020001800041082001400059100004200073245004100115260001800156500001500174942000700189952014000196999001500336260604s9999 xx 000 0 und d a9781474999014 a808.3 CAR aAlices Aventures in Wonderland935372 0aUsborne Classics Alice In Wonderland bLewis Carroll aAdventures cBK 00104070aIIMVbIIMVcChildren collectiond2026-06-04g350.00l0o808.3 CARp003785r2026-06-04 10:19:12v350.00w2026-06-04yBKBCAR c8167d8167